000 00314nam a2200121Ia 4500
008 240731s9999 xx 000 0 und d
022 _a2692-3998
245 0 _aInternational Journal of Systemic Therapy
260 _bRoutledge
856 _uhttps://www.tandfonline.com/loi/wjfp21
942 _2ddc
942 _cTFEJ
999 _c77271
_d77271
945 _a1
_bMadushi Gamage
_c1
_dMadushi Gamage